01055nam a2200229 a 450000100100000000500170001000800410002702000180006804000250008608200170011111000660012824500580019426000590025230000200031150000730033150400300040459000260043495201160046095201160057695201160069299900170080800004846420250611073818.0190322s2014 dr r 000 0 spa d a9789945591002 aDO-SdBNPbspacBNPHU axxxxbR4266p1 aRepública Dominicana.bMinisterio de Salud Pública98083010aPolítica nacional de investigación para la salud. aSanto Domingo :bMinisterio de Salud Pública,c2014. a83 p. ;c28 cm. aIncluye referencias bilbiográficas y notas al pie de las páginas aBibliografía : p. 75-77 aInventariado, 2019/BT 00107-18PDaGRbGRcOId2019-03-22iLF1l0oxxxx R4266pp48464-30r2020-06-25w2020-06-25yLFPDZNo se presta 00107-18PDaPDbPDcOId2019-03-22iLF1l0oxxxx R4266pp48464-10r2020-06-25w2020-06-25yLFPDZNo se presta 00107-18PDaPDbPDcOId2019-03-22iLF1l0oxxxx R4266pp48464-20r2020-06-25w2020-06-25yLFPDZNo se presta c47952d47952